Flagi największych miast Rosji - Statystyki

Ogólne statystyki
  • Ten quiz został rozwiązany 52 razy
  • Średni wynik to 5 z 25
Statystyki odpowiedzi
Obrazkowy Odpowiedź % Poprawnych
Moskwa
79%
Samara
70%
Petersburg
39%
Perm
27%
Kazań
21%
Czelabińsk
18%
Irkuck
18%
Jekaterynburg
18%
Nowosybirsk
18%
Niżny Nowogród
15%
Omsk
15%
Ufa
15%
Władywostok
15%
Wołgograd
15%
Woroneż
15%
Krasnojarsk
9%
Rostów nad Donem
9%
Saratów
9%
Uljanowsk
9%
Barnauł
6%
Chabarowsk
6%
Jarosław
6%
Togliatti
6%
Iżewsk
3%
Krasnodar
3%
Nie znaleziono quizów pasujących do podanych kryteriów
Rozkład punktacji
Procent ludzi z każdym wynikiem
Percentyl według liczby udzielonych odpowiedzi
Twoja historia wyników
Nie rozwiązałeś tego quizu